000 00909nam a2200265Ia 4500
003 GCL
005 20240530104436.0
008 140319s9999 xx 000 0 ara d
020 _a9771914340
040 _aGCL /
_cGCL
082 0 4 _a729
_bم ت
100 1 _aمحمد ماجد خلوصى
245 1 0 _aالتصميم الداخلى والالوان /
_cمحمد ماجد خلوصى
300 _a180 ص ؛
_c24 سم
490 _aالهيئة العامة للاستعلامات
_v0
650 0 4 _aالديكور
650 0 4 _aالتذوق الفنى
650 0 4 _aالالوان
650 0 4 _aالفن - تاريخ - عصرالنهضة
650 0 4 _aالفن- تاريخ ونقد-القرن العشرون
650 0 4 _aالتصميمات الداخلية
650 0 4 _aغرف النوم - التصميم الداخلى
650 0 4 _aغرف الاطفال - الالوان
942 _2ddc
_cBK
999 _c47715
_d47715